| 000 | 00534nam a22001697a 4500 | ||
|---|---|---|---|
| 003 | NUST | ||
| 038 | _aNusrat Nadeem | ||
| 082 | _a200 | ||
| 100 |
_aShah, Zia Ullah _9120113 |
||
| 245 |
_aLeveraging AI- Perspectives: Essential Factors In Knowledge Transfer/ _cZia Ullah Shah |
||
| 264 |
_aIslamabad, _bNBS NUST, _c2023. |
||
| 300 |
_aill: _b29,p: _c30,cm. |
||
| 650 |
_aExecutive MBA _9120079 |
||
| 700 |
_aSupervisor: Dr. Muhammad Sabir _9114406 |
||
| 856 | _uhttp://10.250.8.41:8080/xmlui/handle/123456789/39809 | ||
| 942 |
_2ddc _cSC |
||
| 999 |
_c607542 _d607542 |
||